000 004840000a22001810004500
003 MACL
005 20150929111314.0
008 150929b xxu||||| |||| 00| 0 eng d
040 _aMACL
_cMACL
041 _aEnglish
082 _a891.432/PAN
100 _aPande, Anupa
_9753
245 _aA Historical and Cultural Study of the Natyasastra of Bharata
260 _bKusumanjali Prakashan
_c1992
_aJodhpur
350 _a350
650 _aDrama
_912575
942 _cBK
_k891.432/PAN
_2ddc
999 _c41144
_d41144